Central Library OPAC University of Rajshahi

People in organizations : (Record no. 53586)

MARC details
000 -LEADER
fixed length control field 00885nam a2200277 a 4500
001 - CONTROL NUMBER
control field 53586
003 - CONTROL NUMBER IDENTIFIER
rucl marc code BD-RjUL
005 - DATE AND TIME OF LATEST TRANSACTION
control field 20211209080004.0
008 - FIXED-LENGTH DATA ELEMENTS--GENERAL INFORMATION
fixed length control field 161018s1987 nyua b 001 0 eng
020 ## - INTERNATIONAL STANDARD BOOK NUMBER
International Standard Book Number 0070425345
035 ## - SYSTEM CONTROL NUMBER
System control number (BD-RjUL)53708
040 ## - CATALOGING SOURCE
Original cataloging agency DLC
Transcribing agency DLC
Modifying agency BD-RjUL
Language of cataloging eng
041 ## - LANGUAGE CODE
Language code of text/sound track or separate title eng
082 00 - DEWEY DECIMAL CLASSIFICATION NUMBER
Classification number 658.3
Edition number 23
Author mark and year MIP 1987
100 1# - MAIN ENTRY--PERSONAL NAME
Personal name Mitchell, Terence R.
9 (RLIN) 160148
245 10 - TITLE STATEMENT
Title People in organizations :
Remainder of title an introduction to organizational behavior /
Statement of responsibility, etc. Terence R. Mitchell, James R. Larson, Jr.
250 ## - EDITION STATEMENT
Edition statement 3rd ed.
260 ## - PUBLICATION, DISTRIBUTION, ETC. (IMPRINT)
Place of publication, distribution, etc. New York :
Name of publisher, distributor, etc. McGraw-Hill,
Date of publication, distribution, etc. c1987.
300 ## - PHYSICAL DESCRIPTION
Pagination xi, 602 p. :
Illustrations ill. ;
Size 24 cm.
504 ## - BIBLIOGRAPHY, ETC. NOTE
Bibliography, etc Includes bibliographies and indexes.
650 #0 - SUBJECT ADDED ENTRY--TOPICAL TERM
Topical term or geographic name as entry element Organization.
9 (RLIN) 160150
Topical term or geographic name as entry element Organizational behavior.
9 (RLIN) 159655
700 1# - ADDED ENTRY--PERSONAL NAME
Personal name Larson, James R.
942 ## - ADDED ENTRY ELEMENTS (KOHA)
Source of classification or shelving scheme Dewey Decimal Classification
Koha item type Books
Holdings
Lost status Source of classification or shelving scheme Damaged status Not for loan Collection code Permanent Location Current Location Shelving location Date acquired Source of acquisition Total Checkouts Full call number Date last seen Copy number Koha item type
  Dewey Decimal Classification     Non-fiction Central Library, University of Rajshahi Central Library, University of Rajshahi   27/08/2008 Authority, R.U.C.L   658.3 MIP 1987 18/10/2016 C-2 Books
  Dewey Decimal Classification   Not For Loan Non-fiction Central Library, University of Rajshahi Central Library, University of Rajshahi Reading Room 27/08/2008 Authority, R.U.C.L   658.3 MIP 1987 04/01/2017 C-1 Books